000 00428nam a22001457a 4500
999 _c1812
_d1812
008 200204b ||||| |||| 00| 0 eng d
082 0 0 _a628.92
_bC8431
245 1 0 _aFire protection handbook /
_cedited by Arthur Cote
250 _a18th ed.
260 _aQuincy:
_bNational Fire Protection Association,
_c1997.
300 _axxvii, chap1-11
650 0 _aFire Prevention
700 _91427
_aCote, Arthur E.
_eeditor
942 _cBK